000 00784nam a22002537a 4500
003 CHAP
005 20220329134808.0
008 971013s1968 r 00010 d
010 _a26068
011 _a27040
035 _a31141
040 _cCHAP
082 _a631.4913
_bB8
100 0 0 _aBuringh, P.
_916191
245 _aIntroduction to the study of soils in tropical and subtropical regions
260 _aWageningen :
_bCentre for Agricultural Publishing and Documentation,
_c1968
300 _a118 p.
_b: ilus.
590 _aBATCH-UPD
_b10
_c20130110
_lUCH01
_h1919
590 _aCONVERSION
_b10
_c20130109
_lUCH01
_h1315
650 1 4 _aSuelos tropicales.
_9110563
901 _aBK
942 _cLIBRO
949 _a631.4913 B8
_bBC
_cLIBRO
_d33724000080081
_eLIBRO
_h12493
_i31141
_si
999 _c26068
_d26068